Statistics for MCU Planets

Click here to take the quiz!

General Stats

  • This quiz has been taken 36 times
  • The average score is 6 of 11

Answer Stats

HintAnswer% Correct
Thor’s homeAsgard
96%
The one where most the stories areEarth
92%
The one that is Star Lord’s dadEgo
88%
Thanos’ planetTitan
83%
The one where the soul stone wasVormir
75%
The one of the CollectorKnowhere
71%
The one the Guardians saved in the first filmXandar
63%
Loki’s home planetJotunheim
46%
The one where Captain Marvel livedHala
21%
The Eternals’ homeOlympia
8%
The one where Thor’s weapons are createdNevadellir
0%

Score Distribution

Percentile by Number Answered

Percent of People with Each Score

Your Score History

You have not taken this quiz